000 00808nam a2200217 a 4500
001 000935434
003 AM-YeHGA
005 20250617161429.0
008 121212s1948 ||||||||||||||||||||rus d
040 _aAM-YeHGA
041 0 _arus
100 1 _aКолесов, В.И.
245 1 0 _aБактериологический контроль и фаготерапия в гнойной хирургии /
_cВ.И. Колесов; Под ред. и предисл. П.А. Куприянова .
260 _aМосквa :
_bИзд-во АМН СССР,
_c1948.
300 _a143 с. :
_bтабл.
650 1 4 _aФармакология
650 1 4 _aХирургия
650 1 4 _aБактериофаги
700 1 _aКуприянов, П.А.
_eред.
_4edt
_eпредисл.
_4aui
090 _c474702
999 _c471442
_d471442